000 01633cam a2200361 a 4500
001 2772
005 20240115094444.0
020 _a9780194789141 (pbk.)
020 _a0194789144 (pbk.)
020 _a9780194789141
020 _a9780194788175 (CD)
020 _a0194788172 (CD)
040 _aDLC
_cDLC
_dDLC
_beng
050 0 0 _aPE1126.A4
_bB37685 2008
082 0 0 _a428.0076
_222
100 1 _aBassett, Jennifer
245 1 0 _aOne-way ticket :
_bshort stories /
_cJennifer Bassett
250 _aThis edition Oxford University Press 2008
260 _aOxford ;
_bOxford University Press,
_c2008
300 _a56 pages :
_billustrations ;
_c20 cm
490 0 _aOxford Bookworms Library ; Stage 1, Human interest.
500 _a"First published in Oxford Bookworms, 1991"--T.p. verso.
505 0 _aG
520 _aTom Walsh had a lot to learn about life. He liked travelling, and he was in no hurry. He liked meeting people, anyone and everyone. He liked the two American girls on the train. They were nice and very friendly. They knew a lot of places. Tom thought they were fun. Tom certainly had a lot to learn about life. This is a collection of short stories about adventures on trains. Strange, wonderful, and frightening things can happen on trains - and all of them happen here.
521 _a410
_bLexile
521 _aG
_bRaz-Plus
650 0 _aReaders (Adult)
650 0 _aEnglish language
_vTextbooks for foreign speakers.
650 0 _aReading comprehension
_vProblems, exercises, etc.
650 0 _aReaders
_xRailroad travel.
906 _a7
_bcbc
_corigres
_d2
_encip
_f20
_gy-gencatlg
942 _2ddc
_cBK
_n0
999 _c2772
_d2772